Elige los valores
שמור ב:
| מחבר ראשי: | |
|---|---|
| פורמט: | ספר |
| שפה: | ספרדית |
| יצא לאור: |
Santiago
Galdoc
1997
|
| מהדורה: | 1a. ed |
| סדרה: | El ABC del Exito. Desarrollo Humano Integral
|
| נושאים: | |
| תגים: |
הוספת תג
אין תגיות, היה/י הראשונ/ה לתייג את הרשומה!
|
MARC
| LEADER | 00000nam a2200000 a 4500 | ||
|---|---|---|---|
| 001 | UCS8486 | ||
| 003 | CL-VaPUC | ||
| 008 | 971031e19970000CL |||||||||||||||||spa|d | ||
| 020 | |a 9562760243 | ||
| 082 | 0 | 4 | |a 370.114 |b AGU |2 21 |
| 100 | 0 | |a Aguilar Kubli, Eduardo |e author |9 393341 | |
| 245 | 1 | 0 | |a Elige los valores |
| 250 | |a 1a. ed | ||
| 300 | |a 121 p | ||
| 942 | |c BK | ||
| 945 | |d 19971031 00:00:00 |a aalvarez | ||
| 260 | |a Santiago |b Galdoc |c 1997 | ||
| 650 | 0 | |a Valores |9 309628 | |
| 650 | 0 | |a Valores morales |9 310604 | |
| 650 | 0 | |a Ética |9 255099 | |
| 650 | 0 | |a Educación moral |9 308319 | |
| 583 | |a last modification |c 19971031 00:00:00 |k Rodrigo Vera | ||
| 490 | 0 | |a El ABC del Exito. Desarrollo Humano Integral | |
| 999 | |c 262879 |d 262877 | ||
| 952 | |0 0 |1 2 |4 0 |6 370_114000000000000_AGU_1997 |7 0 |8 A |9 291802 |a BIBTEO |b BIBTEO |d 2019-11-19 |i 2024403 |o 370.114 AGU 1997 |p 2024403 |r 2019-11-19 |w 2019-11-19 |x Descarte 2019 |y BK |k ICR | ||